000 00235nam a2200097Ia 4500
008 240709s9999 xx 000 0 und d
041 _aeng
100 _aYashwant Kanetkar
_9207850
245 _aLet Us ' Python'
260 _bBPB Publisher
999 _c359027
_d359027